| 000 | 00670nam a2200241Ia 4500 | ||
|---|---|---|---|
| 003 | OSt | ||
| 005 | 20221007111659.0 | ||
| 006 | a|||||r|||| 00| 0 | ||
| 007 | ta | ||
| 008 | 221006b |||||||| |||| 00| 0 eng d | ||
| 024 | _a24,077 | ||
| 037 | _cTextual | ||
| 040 |
_aLCO _cLCO _beng |
||
| 041 |
_2eng _aeng |
||
| 082 | _aX5:545, M2 | ||
| 100 | _aIndian Investment Centre | ||
| 245 | 0 |
_a100% Export Units _b Facilities and Incentives |
|
| 260 |
_aNew _bDelhi Indian Investment Centre India _c1982 |
||
| 300 | _a62 | ||
| 650 |
_aEXPORT UNITS _9708427 |
||
| 942 |
_hX5:545, M2 _cTEXL |
||
| 999 |
_c1193640 _d1193640 |
||